Světová ekonomika - základní nárys a nový vývoj

Na minha lista:
Detalhes bibliográficos
Autor principal: Cihelková, Eva
Formato: Livro
Idioma:tcheco
Publicado em: [Praha] ETC Publ. 1997
Colecção:Manager - podnikatel
Assuntos:
Tags: Adicionar Tag
Sem tags, seja o primeiro a adicionar uma tag!

MARC

LEADER 00000nam a2200000 4500
001 c100919
005 20221124074020.8
020 |a 80-86006-48-4 
041 0 |a cze 
044 |a CZ 
245 1 0 |a Světová ekonomika - základní nárys a nový vývoj  |c Eva Cihelková a kolektiv autorů 
264 1 |a [Praha]  |b ETC Publ.  |c 1997 
300 |a 257 s. 
490 1 |a Manager - podnikatel 
830 0 |a Manager - podnikatel 
610 2 0 |a hospodárstvo svetové 
610 2 0 |a rast hospodársky 
610 2 0 |a vzťahy hospodárske medzinárodné 
610 2 0 |a vývoz 
610 2 0 |a dovoz 
610 2 0 |a hospodárstvo trhové 
610 2 0 |a transformácia 
610 2 0 |a Česko 
610 2 0 |a prognózy hospodárske 
100 1 |a Cihelková, Eva